|
|
|
|
| LEADER |
00687nam a2200253 a 4500 |
| 001 |
adlib96000001 |
| 003 |
ViArRB |
| 005 |
20151026131711.0 |
| 008 |
960221s1955 dcuabcdjdbkoqu001 0deng d |
| 020 |
|
|
|a 0-421-56980-8
|
| 022 |
|
|
|
| 040 |
|
|
|a Adlib
|
| 082 |
|
|
|a 343.222.4
|
| 245 |
|
|
|a Professional Negligence
|
| 250 |
|
|
|a 4th ed.
|
| 260 |
|
|
|a London
|b Sweet & Maxwell
|
| 300 |
|
|
|a cxxvii , 971p.
|
| 500 |
|
|
|a
|
| 100 |
|
|
|a Jackson, Rupert M
|e editor
|
| 700 |
|
|
|a Powell, John L
|
| 942 |
|
|
|c REF
|6 _
|
| 653 |
|
|
|a Negligence, Criminal Law
|
| 999 |
|
|
|c 33140
|d 33140
|
| 952 |
|
|
|0 0
|1 0
|4 0
|6 3432224_JAC
|7 0
|9 44786
|a UL
|b UL
|d 2010-06-16
|o 343.222.4 JAC
|p 00045697
|r 2010-06-16
|w 2010-06-16
|y REF
|